01533 2200361 4500001002100000005001500021035002000036007000300056008004100059020002200100082000800122084001700130100002500147245019000172300003700362650002300399650001300422650001000435700002600445700003400471700003400505700002700539700003200566700002900598520038000627264004201007336002101049337003001070338002301100990001601123990001601139990001601155INLIS00000000116528920250310101509 a0010-0325000014ta250310 a 1 ind  a978-623-04-1980-5 a177 aSR 177 WAT d0 aWatiek Ideoepenulis1 a20 kebiasaan baik :bkumpulan cerita etiket anak sopan /cWatiek Ideo; ilustrator, Lenny Wen, Christian Setiadi, Daud Budi Surya N, InnerChild, Sisca Anggreany; penyunting, Putri Sastra a96 halaman :bilustrasi ;c20 cm 4aEtiket (Pergaulan) 4aPerilaku 4aEtika0 aLenny Weneilustrator0 aChristian Setiadieilustrator0 aDaud Budi Surya Neilustrator0 aInnerChildeilustrator0 aSisca Anggreanyeilustrator0 aPutri Sastraepenyunting aBuku "20 Kebiasaan Baik: Kumpulan Cerita Etiket Anak Sopan" adalah kumpulan cerita pendek yang dirancang untuk mengajarkan anak-anak tentang etiket, perilaku baik, dan nilai-nilai positif dalam kehidupan sehari-hari. Buku ini mengajarkan nilai-nilai seperti rasa hormat, tanggung jawab, kesabaran, dan kepedulian terhadap orang lain dengan cara yang mudah dipahami anak-anak. aJakarta :bBhuana Ilmu Populer,c2025 2rdacontentaTeks 2rdamediaaTanpa perantara 2rdacarrieraVolume a55534.68354 a55534.68354 a55534.68354